000 00608nam a2200205 a 4500
001 20273
003 CO-ViMGA
008 141112s2004 ck r 000 u spa d
020 _a8426126588
040 _aCO-ViMGA
_bspa
_cCO-ViMGA
082 0 4 _aWILch
100 1 _aWilhelm, Hans
_929283
245 1 0 _aUn Chico Valiente como yo
260 _aBarcelona :
_bJuventud,
_c1992
300 _a28p il.
590 _aForma de adquisición : COMPRA 2005 - - Precio : 17.710 - - Fecha de adquisición : FEBRERO 2005
650 1 4 _aCUENTOS INFANTILES
_92743
650 1 4 _aCUENTOS INFANTILES ALEMANES
942 _2ddc
_cBK
999 _c29292
_d29292